• 首页
  • 本馆介绍
  • 公告通知
  • 最新文献
  • 馆藏检索
  • 电子资源
  • 读者导购
  • 参考咨询
  • 我的图书馆
  • 登录
  • 详细信息显示
  • 放入我的书架
  • 预约/预借图书
  • 作者相关作品
  • 分类相关作品
  • 丛书相关作品
  • 出版社相关作品

书目信息

  • 表格格式
  • 工作单格式
  • 卡片格式
题名:
新款汽车换油与保养归零速查手册
    
 
作者: 夏雪松 主编
分册:  
出版信息: 北京   化学工业出版社  2016.04
页数: 390页
开本: 26cm
丛书名:
单 册:
中图分类: U473.7-62
科图分类:
主题词: 汽车--发动机油--检查--手册
电子资源:
ISBN: 978-7-122-26390-2
000 00860nam0 2200217 450
001 5377
005 20181015162734.64
010    @a978-7-122-26390-2@dCNY78.00
100    @a20160506d2016 em y0chiy50 ea
101 0  @achi
102    @aCN@b110000
105    @aak z 000yy
200 1  @a新款汽车换油与保养归零速查手册@9xin kuan qi che huan you yu bao yang gui ling su cha shou ce@b专著@f夏雪松主编
210    @a北京@c化学工业出版社@d2016.04
215    @a390页@c图表@d26cm
330    @a本书整理了35个车系,上百种畅销车型的油品规格和保养归零资料,详尽地介绍了各个车型的油品泄放和加注螺塞的准确位置、油品规格与添加量及保养灯归零信息,可高效率地完成油品的检查、更换、添加和保养灯归零工作。
606 0  @a汽车@x发动机油@x检查@j手册
690    @aU473.7-62@v5
701  0 @a夏雪松@9xia xue song@4主编
801  0 @aCN@b91MARC@c20160705
905    @aMuseLib@dU473.7-62@e813
    
    新款汽车换油与保养归零速查手册/夏雪松主编.-北京:化学工业出版社,2016.04
    390页:图表;26cm
    
    
    ISBN 978-7-122-26390-2:CNY78.00
    本书整理了35个车系,上百种畅销车型的油品规格和保养归零资料,详尽地介绍了各个车型的油品泄放和加注螺塞的准确位置、油品规格与添加量及保养灯归零信息,可高效率地完成油品的检查、更换、添加和保养灯归零工作。
●
相关链接 在E读中查询图书 在五车中查询图书 在当当中查询图书 在豆瓣中查询图书


正题名:新款汽车换油与保养归零速查手册     索取号:U473.7-62/813         预约/预借

序号 登录号 条形码 馆藏地/架位号 状态 备注
1 1129410   211294106   第二样本阅览室/ [索取号:U473.7-62/813] 在馆    
2 1129411   211294115   第三借阅区/ [索取号:U473.7-62/813] 在馆    
3 1129412   211294124   第三借阅区/ [索取号:U473.7-62/813] 在馆    
4 1129413   211294133   第三借阅区/ [索取号:U473.7-62/813] 在馆    
5 1129414   211294142   密集书库-物理学院/ [索取号:U473.7-62/813] 在馆    
唐山师范学院图书馆 欢迎您!
大连网信软件有限公司© 版权所有